Normal view
MARC view
- DE-MTS-39
Entry Topical Term
001 - CONTROL NUMBER
- control field: 85464
003 - CONTROL NUMBER IDENTIFIER
- control field: NUST
005 - DATE AND TIME OF LATEST TRANSACTION
- control field: 20211202155650.0
008 - FIXED-LENGTH DATA ELEMENTS
- fixed length control field: 211202|| aca||aabn | a|a d
040 ## - CATALOGING SOURCE
- Original cataloging agency: NUST
- Transcribing agency: NUST
150 ## - HEADING--TOPICAL TERM
- Topical term or geographic name entry element: DE-MTS-39
670 ## - SOURCE DATA FOUND
- Source citation: Work cat.: (NUST): Rehan Khalil Muhammad Habibullah Anwar 85462, PR-SOF-2015-Development of Automated Piezoelectric Gripper for Manipulation of Micro Objects, 2021.
